000 00692nam a2200241 i 4500
003 DO-SdBNP
005 20241018133127.0
007 ta
008 241018s2009 dr a 000 0 spa d
020 _a9789993449676
040 _aDO-SdBNP
_bspa
_cBNPHU
_erda
082 _bE825
_222
100 _91569
245 1 0 _aEstudiantes, escribamos :
_ba week long celebration of writing y culture
264 1 _aSanto Domingo :
_bMediaisla,
_c2009
300 _a85 páginas :
_bilustraciones ;
_c28 cm.
336 _atexto
_btxt
_2rdacontent
337 _asin mediación
_bn
_2rdamedia
338 _avolumen
_bnc
_2rdacarrier
590 _aInventariado, 2024/ DG
910 _aDG
942 _2ddc
_cLBS1
999 _c57915
_d57915